| 000 | 00871nam a2200265 i 4500 | ||
|---|---|---|---|
| 001 | 15901 | ||
| 003 | ES-MaACL | ||
| 005 | 20250821111647.0 | ||
| 007 | t| | ||
| 008 | 000518s1999 sp ||||1| spa d | ||
| 020 | _a84-206-3540-5 | ||
| 080 | _a929 Carlos (460) I | ||
| 080 | _a929 Felipe (460) II | ||
| 100 | 1 |
_aBraudel, Fernand. _931403 |
|
| 245 | 1 | 0 |
_aCarlos V y Felipe II / _cFernand Braudel ; prólogo de Felipe Ruiz Martín. |
| 260 |
_aMadrid : _bAlianza Editorial, _c[1999] |
||
| 300 |
_a165 p. ; _c18 cm. |
||
| 490 | 1 |
_aEl libro de bolsillo. Historia ; _v4182 |
|
| 600 | 0 | 4 |
_aCarlos _bI, _cRey de España _935296 |
| 600 | 0 | 4 |
_aFelipe _bII, _cRey de España _949175 |
| 700 | 1 |
_aRuiz Martín, Felipe. _9100865 |
|
| 830 | 0 |
_aEl libro de bolsillo. Historia ; _v4182 _9179835 |
|
| 852 |
_aES-MaACL _jL-22904 _bR.128311 |
||
| 999 |
_c15901 _d15901 |
||